| Поле | Инд. | ПП | Название | Значение |
|---|---|---|---|---|
| Тип записи | a | |||
| Библиографический уровень | m | |||
| 001 | Контрольный номер | 6a65d75b-952a-4a93-b01e-2eea941e9b9c | ||
| 005 | Дата корректировки | 20260317153655.8 | ||
| 008 | Кодируемые данные | 20001221s?a aznnnabbn zn aan | ||
| 020 | a | ISBN | 5-280-02310-8 (в пер.) | |
| 040 | a | Служба первич. каталог. | RU-RKP | |
| a | Служба первич. каталог. | НБ ТвГУ | ||
| 041 | 0_ | a | Код языка текста | rus |
| 080 | a | Индекс УДК | 929Петр I | |
| a | Индекс УДК | 94(470+571)(093)"16/17":821.161.1-84 | ||
| 084 | a | Индекс другой классификации/Индекс ББК | Т3(2)462-532.1 | |
| 084 | a | Индекс другой классификации/Индекс ББК | Т3(2)511-8Петр I.я48 | |
| 084 | a | Индекс другой классификации/Индекс ББК | Ш44(2=411.2)4-46я48 | |
| 090 | x | Авторский знак | П30 | |
| a | Полочн. индекс | Т3(2)46 | ||
| 092 | a | 03.19 | ||
| 100 | 0_ | a | Автор | Петр |
| b | Династ. номер | I | ||
| c | Титул (звания) | имп. | ||
| e | Роль лиц | Автор | ||
| 245 | 00 | a | Заглавие | Петр Великий в его изречениях |
| c | Ответственность | Петр Великий | ||
| 250 | a | Основные сведения об издании | Репринт. воспроизведение изд. 1910 г. | |
| 260 | 0_ | a | Место издания | Москва |
| b | Издательство | Художественная литература | ||
| c | Дата издания | 1991 | ||
| 300 | a | Объем | 111,[3] с. | |
| b | Иллюстрации/ тип воспроизводства | ил. | ||
| c | Размеры | 20 см. | ||
| 500 | a | Примечание | Вых. дан. ориг.: СПб.: Изд. Р. Голике, 1910 | |
| 504 | a | Библиография | Библиогр. под каждым изречением | |
| 520 | 0_ | a | Аннотация | Книга была выпущена в честь двухсотлетия Полтавской битвы. Никаких научных задач издатели перед собой не ставили и цель свою видели в том, чтобы опубликовать высказывания Петра I, извлеченные из многочисленных, ставших к тому времени библиографическими раритетами, изданий и представить великого преобразователя во всем блеске мудрости и "неземной силы". Язык этих изречений лаконичен, выразителен, афористичен; мысли высказываются решительно и определенно. И за всем стоит один принцип - государственное благо. |
| 650 | 04 | a | Основная рубрика | Русское государство, 17 в. |
| 650 | 04 | a | Основная рубрика | Россия |
| x | Основная подрубрика | История, 18 в. | ||
| 650 | 04 | a | Основная рубрика | История |
| x | Основная подрубрика | Русское государство | ||
| 650 | 04 | a | Основная рубрика | История |
| x | Основная подрубрика | Россия | ||
| 653 | 0_ | a | Ключевые слова | История России 17-18 вв. |
| a | Ключевые слова | Российская империя | ||
| a | Ключевые слова | Россия | ||
| a | Ключевые слова | Русское государство | ||
| a | Ключевые слова | 17-18 вв. | ||
| a | Ключевые слова | Петр 1 | ||
| a | Ключевые слова | Петр I | ||
| a | Ключевые слова | Петр Великий | ||
| a | Ключевые слова | Изречения | ||
| a | Ключевые слова | Высказывания | ||
| 901 | t | Тип документа | m | |
| 920 | a | Оператор | Поля | |
| 920 | a | Оператор | Бочк | |
| 952 | c | Вид литературы | К рн | |
| 954 | c | Дата окончания ОНО | 20260317 |